Seahorses / (Record no. 4920)

MARC details
000 -LEADER
fixed length control field 00880nam a22002897a 4500
001 - CONTROL NUMBER
control field 4920
003 - CONTROL NUMBER IDENTIFIER
control field FISKH
005 - DATE AND TIME OF LATEST TRANSACTION
control field 20241025092919.0
008 - FIXED-LENGTH DATA ELEMENTS--GENERAL INFORMATION
fixed length control field 241025b cb ||||| |||| 00| 0 eng d
020 ## - INTERNATIONAL STANDARD BOOK NUMBER
International Standard Book Number 9780545273336
040 ## - CATALOGING SOURCE
Original cataloging agency FISKH
Language of cataloging eng
Transcribing agency FISKH
Modifying agency FISKH
050 ## - LIBRARY OF CONGRESS CALL NUMBER
Classification number QL638.S9
082 ## - DEWEY DECIMAL CLASSIFICATION NUMBER
Classification number 597.6798
100 ## - MAIN ENTRY--PERSONAL NAME
Personal name Corse, Nicole
Dates associated with a name (1986-)
245 ## - TITLE STATEMENT
Title Seahorses /
Statement of responsibility, etc. by Nicole Corse
250 ## - EDITION STATEMENT
Edition statement First printing in 2011
260 ## - PUBLICATION, DISTRIBUTION, ETC.
Place of publication, distribution, etc. New York :
Name of publisher, distributor, etc. Scholastic,
Date of publication, distribution, etc. 2011.
300 ## - PHYSICAL DESCRIPTION
Extent 32 pages :
Other physical details Color illustrations ;
Dimensions 23 cm
505 ## - FORMATTED CONTENTS NOTE
Formatted contents note J<br/>
520 ## - SUMMARY, ETC.
Summary, etc. Introduces sea horses, describing their physical characteristics, eating habits, defense mechanisms, and how they care for their young.
521 8# - TARGET AUDIENCE NOTE
Target audience note 490L<br/>
Source Lexile<br/>
521 8# - TARGET AUDIENCE NOTE
Target audience note J<br/>
Source Raz-Plus<br/>
650 ## - SUBJECT ADDED ENTRY--TOPICAL TERM
Source of heading or term Non-fiction
Topical term or geographic name entry element Seahorses
650 ## - SUBJECT ADDED ENTRY--TOPICAL TERM
Source of heading or term Ocean animals
Topical term or geographic name entry element Facts
942 ## - ADDED ENTRY ELEMENTS (KOHA)
Source of classification or shelving scheme Dewey Decimal Classification
Koha item type Books
Suppress in OPAC No
Holdings
Withdrawn status Lost status Source of classification or shelving scheme Damaged status Not for loan Collection Home library Current library Shelving location Date acquired Total Checkouts Full call number Barcode Date last seen Date last checked out Copy number Price effective from Koha item type
    Dewey Decimal Classification     Non-Fiction Footprints International School Library Network Toul Kork Campus Footprints International School Library Network Toul Kork Campus A TK Campus, 4th Floor, Room B401, Non-Fiction Bookcases(7-8) 10/25/2024 4 COR 597.6798 QL638.S9 2024-2224 11/12/2025 08/27/2025 1 10/25/2024 Books